| 000 | 01218nam a2200229Ia 4500 | ||
|---|---|---|---|
| 999 |
_c38551 _d38551 |
||
| 001 | 4652 | ||
| 003 | GE_BSU | ||
| 005 | 20190527180717.0 | ||
| 008 | 181216s2004||||ge |||||||||||||| ||geo|| | ||
| 040 | _cGE_BSU | ||
| 041 | _ageo | ||
| 080 | _a510.2 ნ–69 | ||
| 100 |
_aნიჟარაძე, ნუგზარ _91660 |
||
| 245 |
_aმათემატიკური ლოგიკა ყველასათვის / _cნუგზარ ნიჟარაძე ; ტექნ. რედ.: ეკა ჩხარტიშვილი ; ზურაბ კალანდარიშვილი ; მანუჩარ დევაძე. |
||
| 264 |
_aბათუმი, _c2004. |
||
| 300 |
_a235 გვ .: _c20 სმ. |
||
| 653 | _aმათემატიკური ლოგიკა | ||
| 700 |
_aჩხარტიშვილი, ეკა _eტექნიკური რედაქტორი _91661 |
||
| 700 |
_aკალანდარიშვილი, ზურაბ _eტექნიკური რედაქტორი _91662 |
||
| 700 |
_aდევაძე, მანუჩარ _eტექნიკური რედაქტორი _91663 |
||
| 942 |
_cBK _2udc |
||